• 首页
  • 本馆介绍
  • 公告通知
  • 最新文献
  • 馆藏检索
  • 电子资源
  • 读者导购
  • 参考咨询
  • 我的图书馆
  • 登录
  • 详细信息显示
  • 放入我的书架
  • 预约/预借图书
  • 作者相关作品
  • 分类相关作品
  • 丛书相关作品
  • 出版社相关作品

书目信息

  • 表格格式
  • 工作单格式
  • 卡片格式
题名:
北魏史
    
 
作者: 杜士铎 主编
分册:  
出版信息: 太原   北岳文艺出版社  2017.01
页数: 29,488页
开本: 24cm
丛书名:
单 册:
中图分类: K239.21
科图分类:
主题词: 北魏--历史
电子资源:
ISBN: 978-7-5378-4916-6
000 00771nam0 2200253 450
001 0120172158106
005 20170911155832.15
010    @a978-7-5378-4916-6@dCNY68.00
100    @a20170327d2017 em y0chiy50 ea
101 0  @achi
102    @aCN@b140000
105    @aa z 000yy
106    @ar
200 1  @a北魏史@9bei wei shi@f杜士铎主编
205    @a修订本
210    @a太原@c北岳文艺出版社@d2017.01
215    @a29,488页@c图@d24cm
330    @a本书叙述了北魏从建立到衰亡的全过程。内容包括:拓跋魏国家的创建和疆土的扩展、北魏中期的社会改革与进步、北魏王朝的崩溃与灭亡。
333    @a一般读者
606 0  @a北魏@x历史
690    @aK239.21@v5
701  0 @a杜士铎@9du shi duo@4主编
801  0 @aCN@b人天书店@c20170327
905    @b1062882-87@dK239.21@e97=2@f6
    
    北魏史/杜士铎主编.-修订本.-太原:北岳文艺出版社,2017.01
    29,488页:图;24cm
    使用对象:一般读者
    
    ISBN 978-7-5378-4916-6:CNY68.00
    本书叙述了北魏从建立到衰亡的全过程。内容包括:拓跋魏国家的创建和疆土的扩展、北魏中期的社会改革与进步、北魏王朝的崩溃与灭亡。
●
相关链接 在E读中查询图书 在五车中查询图书 在当当中查询图书 在豆瓣中查询图书


正题名:北魏史     索取号:K239.21/97=2         预约/预借

序号 登录号 条形码 馆藏地/架位号 状态 备注
1 1062882   210628828   第二样本阅览室/ [索取号:K239.21/97=2] 在馆    
2 1062883   210628837   第二借阅区/ [索取号:K239.21/97=2] 在馆    
3 1062884   210628846   第二借阅区/ [索取号:K239.21/97=2] 在馆    
4 1062885   210628855   密集书库-史法系/ [索取号:K239.21/97=2] 在馆    
5 1062886   210628864   第二借阅区/ [索取号:K239.21/97=2] 在馆    
6 1062887   210628873   第二借阅区/ [索取号:K239.21/97=2] 在馆    
唐山师范学院图书馆 欢迎您!
大连网信软件有限公司© 版权所有